000 00647cam a22002172 4500
001 0000005036
005 20151217145822.0
008 070605s xx 000 0 eng d
020 _a032121-565 :
040 _aKABU
_cKABU
050 0 _aT385
_b.C66 1997
245 1 0 _aComputer graphics :
_bPrinciples and practice /
_cJames D. Foley .... [et al.]
250 _a2nd ed.
260 _aBoston :
_bAddison-Wesley,
_c1997.
300 _axxiii, 1175 p.
650 0 _aComputer graphics.
_@0000146527
700 1 _aFoley, James D.
_@0000148211
852 1 _9p5309.87 KES
908 _a070605
950 _@1
999 _c2894
_d2894